FC Barcelona - Real Madrid La Liga 2020-21 - Statistics

General Stats
  • This quiz has been taken 617 times
  • The average score is 21 of 31
Answer Stats
Player % Correct
Lionel Messi
94%
Karim Benzema
91%
Thibaut Courtois
89%
Gerard Piqué
88%
Luka Modrić ¹
88%
Toni Kroos
87%
Jordi Alba
86%
Vinícius Júnior
86%
Casemiro
85%
Sergio Ramos ¹
85%
Sergio Busquets
83%
Raphaël Varane
77%
Ferland Mendy
75%
Zinedine Zidane
73%
Frenkie de Jong
72%
Federico Valverde ¹
69%
Pedri
68%
Rodrygo
67%
Marco Asensio
65%
Ousmane Dembélé
63%
Clément Lenglet
61%
Ronald Koeman
60%
Ansu Fati ¹
57%
Antoine Griezmann
56%
Lucas Vázquez
54%
Nacho
54%
Neto
54%
Philippe Coutinho
51%
Sergiño Dest
48%
Martin Braithwaite
22%
Francisco Trincão
17%
No matching quizzes found
Score Distribution
Percent of People with Each Score
Percentile by Number Answered
Your Score History
You have not taken this quiz